| 000 | 00969nam a22001937a 4500 | ||
|---|---|---|---|
| 003 | OSt | ||
| 005 | 20200918144652.0 | ||
| 008 | 200918s2001 ck ||||gr|||| 00| 0dspa d | ||
| 040 |
_aCO-JMCR _cCO-JMCR |
||
| 082 | 0 | 4 |
_223 _a923.2 / _bV297c |
| 100 | 1 |
_aVargas Lleras, Germán, _eautor _910529 |
|
| 245 | 1 | 0 |
_aCuentas claras / _cGermán Vargas Lleras |
| 260 |
_aBogotá : _bGamavisión-Osva, _c2001. |
||
| 300 |
_a324 páginas ; _c23 cm. |
||
| 505 | 0 | _aA modo de presentación -- La lucha contra la corrupción -- Narcotráfico, un tema de peligroso trámite -- La lucha por la seguridad de los colombianos -- Justicia, algo más que procedimientos -- Reforma política, financiación de campañas electorales y consultas internas de los partidos -- La lucha por la eficiencia y eficacia del estado colombiano -- Otros sistemas | |
| 650 | 2 | 4 |
_aPolítica, _xPráctica _zColombia _910530 |
| 650 | 2 | 4 |
_aNuevo Liberalismo (Partido político) _zColombia _910531 |
| 942 |
_2ddc _cBK |
||
| 999 |
_c6865 _d6865 |
||